Song title opposites - Statistics

General Stats
  • This quiz has been taken 34 times
  • The average score is 10 of 20
Answer Stats
Hint Answer % Correct
You're mine I'm yours
94%
I lost you You found me
90%
Hate Myself Love Yourself
87%
Good sun setting Bad moon rising
77%
cold out therre Hot in herre
77%
Heals so bad Hurts so good
74%
Yes man, yes laugh No woman, no cry
65%
Hate you unlike I don't Love me like you do
61%
Sleep you down when March begins Wake me up when September ends
55%
Do start you later Don't stop me now
52%
Leave separate Come together
48%
Up above Down under
45%
Unlike a slag Like a virgin
35%
Mumble and whisper Scream and shout
32%
Tamest reality Wildest dreams
32%
He's a moron She's a genius
29%
Keep talking and stay still Shut up and dance
26%
Monogamous boy Promiscuous girl
19%
Farewell to the desert Welcome to the jungle
16%
Expensive Climbing Free Fallin'
13%
No matching quizzes found
Score Distribution
Percent of People with Each Score
Percentile by Number Answered
Your Score History
You have not taken this quiz